| Tag |
First Indicator |
Second Indicator |
Subfields |
| LEADER |
00000cam a2200000Ia 4500 |
| 001 |
in00002129697 |
| 005 |
20151103063529.0 |
| 008 |
040709s2003 bu c b 000 0 eng d |
| 020 |
|
|
|a 9549150313 (pbk.)
|
| 029 |
1 |
|
|a NLGGC
|b 26537586X
|
| 035 |
|
|
|a (OCoLC)ocm55879226
|
| 040 |
|
|
|a Y4Z
|c Y4Z
|d OCLCQ
|d IXA
|d NLGGC
|d TXA
|d UtOrBLW
|
| 043 |
|
|
|a lsfk---
|
| 049 |
|
|
|a TXAM
|
| 084 |
|
|
|a 15.85
|2 bcl
|
| 090 |
|
|
|a F3031
|b .I83 2003
|
| 100 |
1 |
|
|a Ivanov, L. L.
|q (Ljubomir Lalov),
|d 1952-
|
| 245 |
1 |
4 |
|a The future of the Falkland Islands and its people /
|c Dr. Lyubomir Lalov Ivanov et al.
|
| 264 |
|
1 |
|a Sofia [Bulgaria] :
|b [publisher not identified],
|c 2003.
|
| 300 |
|
|
|a 95 pages :
|b color portrait ;
|c 21 cm.
|
| 336 |
|
|
|a text
|b txt
|2 rdacontent
|
| 337 |
|
|
|a unmediated
|b n
|2 rdamedia
|
| 338 |
|
|
|a volume
|b nc
|2 rdacarrier
|
| 500 |
|
|
|a "Double T Publishers edition"--Title page verso.
|
| 504 |
|
|
|a Includes bibliographical references.
|
| 651 |
|
0 |
|a Falkland Islands
|x International status.
|
| 650 |
|
0 |
|a Sovereignty.
|
| 651 |
|
7 |
|a 7.670.
|2 gtt
|
| 994 |
|
|
|a C0
|b TXA
|
| 948 |
|
|
|a cataloged
|b h
|c 2006/4/26
|d c
|e aklinger
|f 12:28:38 pm
|
| 999 |
|
|
|a MARS
|
| 999 |
f |
f |
|s 357590a3-1953-3933-ba8d-3c2485651d88
|i 490cb976-775a-3bb7-90b3-5b179f75f9de
|t 0
|
| 952 |
f |
f |
|p normal
|a Texas A&M University
|b College Station
|c Sterling C. Evans Library
|d Evans: Library Stacks
|t 0
|e F3031 .I83 2003
|h Library of Congress classification
|i unmediated -- volume
|m A14834086035
|
| 998 |
f |
f |
|a F3031 .I83 2003
|t 0
|l Evans: Library Stacks
|